| 000 | 00418nam a2200181Ia 4500 | ||
|---|---|---|---|
| 005 | 20250603144908.0 | ||
| 008 | 250603s9999 xx 000 0 und d | ||
| 020 | _a978-0-07-463328-1 | ||
| 050 | _aTD 5 .P363/ | ||
| 100 | _aPandey, G. N. | ||
| 245 | 0 | _aEnvironmental engineering | |
| 260 | _aNew delhi | ||
| 260 | _bTata McGraw-Hill | ||
| 260 | _c2008 | ||
| 300 | _a455 p | ||
| 650 | _aNew delhi | ||
| 942 | _cBK | ||
| 999 |
_c40270 _d40270 |
||